Normal view MARC view

Entry Personal Name

Number of records used in: 2

001 - CONTROL NUMBER

  • control field: 21303

003 - CONTROL NUMBER IDENTIFIER

  • control field: dpl

005 - DATE AND TIME OF LATEST TRANSACTION

  • control field: 20100923142754.0

008 - FIXED-LENGTH DATA ELEMENTS

  • fixed length control field: 100923|||a|||||| | ||| d

040 ## - CATALOGING SOURCE

  • Original cataloging agency: dpl
  • Transcribing agency: dpl

100 ## - HEADING--PERSONAL NAME

  • Personal name: राजेंद्र प्रसाद

670 ## - SOURCE DATA FOUND

  • Source citation: Work cat.: (dpl)36639: राजेंद्र प्रसाद, गांधीजी की देन /, 2009

670 ## - SOURCE DATA FOUND

  • Source citation: Work cat.: (dpl)36639: राजेंद्र प्रसाद, गांधीजी की देन /, 2009

© Delhi Public Library
Hit Counter
free hit counter